000 00710nam a22002177a 4500
003 UA-OsUOA
001 104803
007 ta
008 20140129b un ||||| |||| 00| 0 ukr d
100 _aШвець С.
090 _a330(477)
_bШ35
942 _cSA
040 _aUA-OsUOA
_bukr
_cUA-OsUOA
_dUA-OsUOA
245 _aПроблема нарощення інвестиційного потенціалу економіки України в умовах посилення бюджетного дисбалансу
300 _aС.6-12
955 _a0
041 _aukr
080 _a330(477)
773 0 _w104802
_tЕкономіст
_dК.
_d2013
_g12
650 7 _a330 Економіка взагалі
_2UDC
999 _c391077
_d391077